Geography Test #2 - Statistics

General Stats
  • This quiz has been taken 28 times
  • The average score is 10 of 20
Answer Stats
Hint Answer % Correct
Largest island of Greece. Crete
93%
What is the tallest mountain in Africa? Mount Kilimanjaro
89%
Capital of Azerbaijan. Baku
86%
Volcano that wiped out Pompeii. Mount Vesuvius
86%
What is the world's deepest trench called? Mariana Trench
82%
Name one Greater Antilles country. Cuba | Bahamas | Jamaica | Haiti | Dominican Republic
71%
Tallest mountain in Europe. Mount Elbrus
64%
What is the capital of Bali, Indonesia? Denpasar
61%
Famous national park found in Arizona and other states. Grand Canyon
61%
Capital of Samoa. Apia
57%
Capital of Suriname. Paramaribo
54%
Capital of Manitoba. Winnipeg
50%
Desert that spans through northern Africa and the Middle East. Sahara Desert
39%
Name one country that borders the Laccadive Sea. India | Sri Lanka | Maldives
36%
Nantes is the capital what French state? Pays de la Loire
18%
4th largest Philippine island. Negros
11%
Capital of Wallis and Futuna. Mata Utu
4%
6th longest river in Asia. Yenisei River
4%
Smallest island of Hawaii. Kaho'olawe Island
0%
24th tallest mountain in South America. Mount Aconcagua
0%
No matching quizzes found
Score Distribution
Percent of People with Each Score
Percentile by Number Answered
Your Score History
You have not taken this quiz